Statistics for Old English nouns #2

Click here to take the quiz!

General Stats

  • This quiz has been taken 54 times
    (53 since last reset)
  • The average score is 4 of 15

Answer Stats

HintAnswer% Correct
wambbelly (womb)
83%
wisdomwisdom
83%
gastspirit (ghost)
62%
tidtime (tide)
57%
modmind (mood)
40%
morþormurder
28%
cneoknee
21%
bedurequest (bead)
11%
sceadushadow
11%
scriftconfession (shrift)
9%
yrreanger (ire)
6%
nafolabelly-button (navel)
4%
fætcup (vat)
4%
hagaenclosure (haw)
4%
þyrelhole (thirl)
0%

Score Distribution

Percentile by Number Answered

Percent of People with Each Score

Your Score History

You have not taken this quiz since the last reset